[Event "Titled Tuesday intern op 09th Aug Early"]
[Site "Chess.com INT"]
[Date "2022.08.09"]
[Round "5"]
[White "Nemurov, Aleksandr"]
[Black "Sarkar, Justin"]
[Result "1-0"]
[WhiteElo "2251"]
[BlackElo "2352"]
[PlyCount "71"]
[EventDate "2022.08.09"]
[EventType "swiss (blitz)"]
[EventRounds "11"]
[EventCountry "USA"]
[SourceTitle "EXT 2023"]
[Source "ChessBase"]
[SourceDate "2022.10.05"]
[SourceVersion "1"]
[SourceVersionDate "2022.10.05"]
[SourceQuality "1"]

1. d4 a6 2. e4 b5 3. Bd3 Bb7 4. Nf3 e6 5. 0-0 c5 6. c3 Nf6 7. Nbd2 cxd4 8. cxd4 Be7 9. Re1 0-0 10. Nf1 d5 11. e5 Ne4 12. Ng3 Nxg3 13. hxg3 Nd7 14. Be3 Rc8 15. Qe2 Re8 16. Rec1 Nb6 17. Rxc8 Qxc8 18. Rc1 Qd7 19. Bb1 Rc8 20. Qd3 Rxc1+ 21. Bxc1 g6 22. Nh2 Qc7 23. Bh6 Qc4 24. Qe3 b4 25. Ng4 Nd7 26. Bg5 Bf8 27. Nh6+ Bxh6 28. Bxh6 a5 29. Kh2 Ba6 30. b3 Qc8 31. Bd3 Bxd3 32. Qxd3 Qc7 33. Qa6 Nb8 34. Qb5 Nd7 35. g4 Qa7 36. Qc6 1-0

[Event "Titled Tuesday intern op 09th Aug Early"]
[Site "Chess.com INT"]
[Date "2022.08.09"]
[Round "9"]
[White "Nemurov, Aleksandr"]
[Black "Williams, Simon Kim"]
[Result "0-1"]
[WhiteElo "2251"]
[BlackElo "2464"]
[PlyCount "62"]
[EventDate "2022.08.09"]
[EventType "swiss (blitz)"]
[EventRounds "11"]
[EventCountry "USA"]
[SourceTitle "EXT 2023"]
[Source "ChessBase"]
[SourceDate "2022.10.05"]
[SourceVersion "1"]
[SourceVersionDate "2022.10.05"]
[SourceQuality "1"]

1. d4 e6 2. c4 f5 3. g3 Nf6 4. Bg2 Be7 5. Nf3 0-0 6. 0-0 d6 7. Nc3 a5 8. Qc2 Nc6 9. e4 Nb4 10. Qe2 fxe4 11. Nxe4 Nxe4 12. Qxe4 e5 13. Qe2 Bf5 14. dxe5 Bd3 15. Qd1 Bxf1 16. Qxf1 dxe5 17. Nxe5 Bc5 18. Nf3 Nc2 19. Rb1 Nd4 20. Ne5 c6 21. Be3 Ne6 22. Bxc5 Nxc5 23. Rd1 Qf6 24. Nd3 Nxd3 25. Rxd3 Rad8 26. Rf3 Qxb2 27. Rb3 Qc2 28. Rb1 Rd2 29. Qe1 Rdxf2 30. Qe6+ Kh8 31. Be4 Qe2 0-1

[Event "Titled Tuesday intern op 22nd June"]
[Site "Chess.com INT"]
[Date "2021.06.22"]
[Round "1"]
[White "Kezin, Roman"]
[Black "Nemurov, Aleksandr"]
[Result "1-0"]
[WhiteElo "2486"]
[BlackElo "2251"]
[PlyCount "107"]
[EventDate "2021.06.22"]
[EventType "swiss (blitz)"]
[EventRounds "11"]
[EventCountry "USA"]
[SourceTitle "CBM 203 Extra"]
[Source "ChessBase"]
[SourceDate "2021.09.30"]
[SourceVersion "1"]
[SourceVersionDate "2021.09.30"]
[SourceQuality "1"]

1. b3 Nf6 2. Bb2 g6 3. e3 Bg7 4. Nf3 0-0 5. Be2 d5 6. 0-0 c6 7. c4 Bg4 8. d4 e6 9. Nbd2 Nbd7 10. h3 Bxf3 11. Nxf3 a5 12. Qc2 Re8 13. Rac1 Qb6 14. a3 Qc7 15. b4 axb4 16. axb4 Qb6 17. b5 cxb5 18. c5 Qc7 19. Bxb5 Rec8 20. Qb3 Nb8 21. Ra1 Nc6 22. Bc3 Ne4 23. Rfb1 Nxc3 24. Qxc3 Ne7 25. Qb3 Nc6 26. Bf1 Na5 27. Qb5 Nc4 28. Bxc4 dxc4 29. Qxc4 Rxa1 30. Rxa1 b6 31. Rc1 bxc5 32. dxc5 Qc6 33. Nd4 Bxd4 34. Qxd4 Qd5 35. Qxd5 exd5 36. Kf1 Kf8 37. Ke2 Ke7 38. Kd3 Ke6 39. c6 Kd6 40. Kd4 f6 41. c7 Rxc7 42. Rxc7 Kxc7 43. Kxd5 Kd7 44. e4 Ke7 45. f4 Kd7 46. e5 fxe5 47. fxe5 Ke7 48. e6 g5 49. Ke5 h5 50. g4 hxg4 51. hxg4 Ke8 52. Kf6 Kf8 53. Kxg5 Ke7 54. Kf5 1-0

[Event "Titled Tuesday intern op 22nd June"]
[Site "Chess.com INT"]
[Date "2021.06.22"]
[Round "2"]
[White "Nemurov, Aleksandr"]
[Black "Grigoryan, Meri"]
[Result "0-1"]
[WhiteElo "2251"]
[BlackElo "2044"]
[PlyCount "162"]
[EventDate "2021.06.22"]
[EventType "swiss (blitz)"]
[EventRounds "11"]
[EventCountry "USA"]
[SourceTitle "CBM 203 Extra"]
[Source "ChessBase"]
[SourceDate "2021.09.30"]
[SourceVersion "1"]
[SourceVersionDate "2021.09.30"]
[SourceQuality "1"]

1. b3 e5 2. Bb2 Nc6 3. e3 Nf6 4. Bb5 d6 5. Nf3 Bd7 6. d4 e4 7. Nfd2 d5 8. c4 Nb4 9. Bxd7+ Qxd7 10. 0-0 Nd3 11. Qc2 c6 12. Nc3 Be7 13. f3 Nxb2 14. Qxb2 exf3 15. Rxf3 0-0 16. h3 c5 17. cxd5 cxd4 18. exd4 Nxd5 19. Nxd5 Qxd5 20. Nc4 Rad8 21. Rd1 Bf6 22. Rfd3 Rfe8 23. Kh1 h6 24. a4 a6 25. a5 Re4 26. Ne5 Qxa5 27. Nf3 Qd5 28. Qc2 b5 29. Qa2 Re6 30. Qa5 Red6 31. b4 Qe4 32. Qa1 Qe2 33. R1d2 Qe4 34. Qc1 Re6 35. Rd1 Red6 36. Qc3 Qd5 37. Qa3 Rc6 38. Ne5 Rcd6 39. Qc3 Qe6 40. Nf3 Rc8 41. Qa3 Rc4 42. d5 Qe4 43. Re1 Qf5 44. Qa2 Rxb4 45. Qc2 Rc4 46. Qd2 Qd7 47. Qd1 Rc5 48. Qb3 Rcxd5 49. Rxd5 Rxd5 50. Qe3 Qd8 51. Qa3 Bd4 52. Rd1 Bb6 53. Rxd5 Qxd5 54. Qxa6 Bc7 55. Qc8+ Qd8 56. Qb7 Qd7 57. Qa8+ Kh7 58. Qe4+ g6 59. Qe1 Qd6 60. Qb1 b4 61. Qb3 Bb6 62. Qxf7+ Kh8 63. Qe8+ Kh7 64. Qe1 b3 65. Qb1 Qb4 66. h4 b2 67. h5 Qc3 68. Qxg6+ Kh8 69. Qxh6+ Kg8 70. Qg6+ Kf8 71. Qd6+ Ke8 72. Qe6+ Kd8 73. Qxb6+ Kc8 74. Qa6+ Kb8 75. Qb6+ Kc8 76. Nd2 Qc1+ 77. Kh2 Qxd2 78. Qc6+ Kb8 79. Qb5+ Kc8 80. Qc5+ Kb8 81. Qb4+ Qxb4 0-1

[Event "Titled Tuesday intern op 22nd Dec"]
[Site "Chess.com INT"]
[Date "2020.12.22"]
[Round "4"]
[White "Nemurov, Aleksandr"]
[Black "Simonovic, Miroslav"]
[Result "1-0"]
[WhiteElo "2251"]
[BlackElo "2119"]
[PlyCount "65"]
[EventDate "2020.12.22"]
[EventType "swiss (blitz)"]
[EventRounds "11"]
[EventCountry "USA"]
[SourceTitle "CBM 199 Extra"]
[Source "ChessBase"]
[SourceDate "2021.01.31"]
[SourceVersion "1"]
[SourceVersionDate "2021.01.31"]
[SourceQuality "1"]

1. d4 Nf6 2. c4 c5 3. d5 b5 4. cxb5 a6 5. bxa6 Bxa6 6. Nc3 d6 7. e4 Bxf1 8. Kxf1 Nbd7 9. Nf3 g6 10. g3 Bg7 11. Kg2 0-0 12. a4 Qa5 13. Qc2 Rfb8 14. Ra3 Ng4 15. Bd2 Qb4 16. Rb1 Nge5 17. Nxe5 Nxe5 18. Nb5 Qc4 19. Rc1 Qe2 20. Bg5 Qxc2 21. Rxc2 Rb7 22. h3 Kf8 23. Bf4 Ra6 24. Bxe5 Bxe5 25. f4 Bd4 26. Kf3 e5 27. Ke2 Ke7 28. Kd3 Bg1 29. fxe5 dxe5 30. Kc4 Bd4 31. b3 f5 32. Re2 Kf6 33. Raa2 1-0

[Event "Titled Tuesday intern op 22nd Dec"]
[Site "Chess.com INT"]
[Date "2020.12.22"]
[Round "2"]
[White "Nemurov, Aleksandr"]
[Black "Zaksaite, Salomeja"]
[Result "1-0"]
[WhiteElo "2251"]
[BlackElo "2202"]
[PlyCount "55"]
[EventDate "2020.12.22"]
[EventType "swiss (blitz)"]
[EventRounds "11"]
[EventCountry "USA"]
[SourceTitle "CBM 199 Extra"]
[Source "ChessBase"]
[SourceDate "2021.01.31"]
[SourceVersion "1"]
[SourceVersionDate "2021.01.31"]
[SourceQuality "1"]

1. b3 e5 2. Bb2 Nc6 3. e3 Nf6 4. Bb5 Bd6 5. Na3 a6 6. Bxc6 dxc6 7. Nc4 Qe7 8. d3 0-0 9. Nxd6 cxd6 10. e4 Bg4 11. Qd2 a5 12. a4 c5 13. h3 Be6 14. Ne2 Nd7 15. 0-0 f5 16. exf5 Rxf5 17. f4 Raf8 18. fxe5 Nxe5 19. Bxe5 Rxe5 20. Rxf8+ Qxf8 21. Rf1 Qe7 22. d4 cxd4 23. Nxd4 h6 24. Nf3 Rc5 25. Re1 Qd7 26. c4 d5 27. Qe3 Rc6 28. Ne5 1-0

[Event "Chess.com Bullet op2"]
[Site "Chess.com INT"]
[Date "2020.12.19"]
[Round "1"]
[White "Bartel, Mateusz"]
[Black "Nemurov, Aleksandr"]
[Result "1-0"]
[WhiteElo "2638"]
[BlackElo "2251"]
[PlyCount "73"]
[EventDate "2020.12.19"]
[EventType "swiss (blitz)"]
[EventRounds "21"]
[EventCountry "USA"]
[SourceTitle "EXT 2022"]
[Source "ChessBase"]
[SourceDate "2021.10.06"]
[SourceVersion "1"]
[SourceVersionDate "2021.10.06"]
[SourceQuality "1"]

1. g3 g6 2. Bg2 Bg7 3. f4 d6 4. Nf3 Bd7 5. d3 Qc8 6. h3 h5 7. e4 c5 8. Nc3 Nc6 9. Be3 a6 10. Qd2 Nd4 11. Qf2 Nxf3+ 12. Qxf3 b5 13. 0-0-0 Rb8 14. Kb1 b4 15. Ne2 a5 16. d4 c4 17. e5 dxe5 18. dxe5 e6 19. Rd6 Ne7 20. Rhd1 Nd5 21. R1xd5 exd5 22. Qxd5 Bf8 23. Bc5 Bxd6 24. Qxd6 Qd8 25. Bd5 Rc8 26. Nd4 Rxc5 27. Qxc5 Qe7 28. Qxa5 0-0 29. Bxc4 Rc8 30. Qa6 Rd8 31. Qxg6+ Kh8 32. Qxh5+ Kg8 33. Qg6+ Kh8 34. Qh6+ Kg8 35. b3 Be6 36. Nxe6 fxe6 37. Bxe6+ 1-0

[Event "Chess.com Bullet op1"]
[Site "Chess.com INT"]
[Date "2020.12.19"]
[Round "12"]
[White "Baskin, Robert"]
[Black "Nemurov, Aleksandr"]
[Result "1-0"]
[WhiteElo "2390"]
[BlackElo "2251"]
[PlyCount "95"]
[EventDate "2020.12.19"]
[EventType "swiss (blitz)"]
[EventRounds "21"]
[EventCountry "USA"]
[SourceTitle "EXT 2022"]
[Source "ChessBase"]
[SourceDate "2021.10.06"]
[SourceVersion "1"]
[SourceVersionDate "2021.10.06"]
[SourceQuality "1"]

1. d4 Nf6 2. c4 e5 3. dxe5 Ng4 4. Bf4 Nc6 5. Nf3 Bb4+ 6. Nbd2 Qe7 7. a3 Ngxe5 8. Nxe5 Nxe5 9. e3 Bxd2+ 10. Qxd2 d6 11. Be2 0-0 12. 0-0 Ng6 13. Bg3 Bd7 14. b4 b6 15. Rac1 Bc6 16. c5 dxc5 17. bxc5 Rad8 18. Qc3 b5 19. Rfd1 a6 20. h3 h6 21. Qa5 Nh4 22. Qxc7 Qxc7 23. Bxc7 Rxd1+ 24. Rxd1 Nxg2 25. Rd6 Ba8 26. Rxa6 Nh4 27. c6 Rc8 28. Bxb5 Rxc7 29. Rxa8+ Kh7 30. a4 Nf3+ 31. Kf1 Ne5 32. Ra6 g6 33. f4 Nf3 34. Kf2 Nd2 35. Rb6 Nb3 36. Rb7 Rc8 37. c7 Na5 38. Bd7 Nxb7 39. Bxc8 Nd6 40. Bd7 Nc8 41. Bxc8 g5 42. fxg5 hxg5 43. Bf5+ Kh6 44. c8Q g4 45. Qh8+ Kg5 46. hxg4 f6 47. Qg7+ Kh4 48. Qh6# 1-0

[Event "Chess.com Bullet op1"]
[Site "Chess.com INT"]
[Date "2020.12.19"]
[Round "18"]
[White "Leyva Rivera, Yunier"]
[Black "Nemurov, Aleksandr"]
[Result "1-0"]
[WhiteElo "2427"]
[BlackElo "2251"]
[PlyCount "77"]
[EventDate "2020.12.19"]
[EventType "swiss (blitz)"]
[EventRounds "21"]
[EventCountry "USA"]
[SourceTitle "EXT 2022"]
[Source "ChessBase"]
[SourceDate "2021.10.06"]
[SourceVersion "1"]
[SourceVersionDate "2021.10.06"]
[SourceQuality "1"]

1. d4 Nf6 2. c4 e5 3. Nc3 exd4 4. Qxd4 Nc6 5. Qd2 Bc5 6. e3 0-0 7. Nf3 Re8 8. Be2 b6 9. 0-0 Bb7 10. b3 Bf8 11. Bb2 d6 12. Nd5 Nxd5 13. cxd5 Ne5 14. Rac1 Nxf3+ 15. Bxf3 a5 16. Rc2 Bc8 17. Rfc1 Ra7 18. Qd3 Ba6 19. Qd4 Re7 20. h3 Qe8 21. a4 Qd8 22. Rc3 f6 23. Bg4 Bc8 24. Bxc8 Qxc8 25. Qxb6 Rb7 26. Qxa5 Qb8 27. R3c2 Rxb3 28. Qd2 h6 29. Bd4 Rb4 30. a5 Rb5 31. a6 f5 32. a7 Qa8 33. Rc6 Rb7 34. Qa5 g5 35. Rxc7 Rexc7 36. Rxc7 Rxa7 37. Qxa7 Qe8 38. Rg7+ Bxg7 39. Qxg7# 1-0

[Event "Chess.com Bullet op2"]
[Site "Chess.com INT"]
[Date "2020.12.19"]
[Round "16"]
[White "Mirzoev, Azer"]
[Black "Nemurov, Aleksandr"]
[Result "1-0"]
[WhiteElo "2430"]
[BlackElo "2251"]
[PlyCount "61"]
[EventDate "2020.12.19"]
[EventType "swiss (blitz)"]
[EventRounds "21"]
[EventCountry "USA"]
[SourceTitle "EXT 2022"]
[Source "ChessBase"]
[SourceDate "2021.10.06"]
[SourceVersion "1"]
[SourceVersionDate "2021.10.06"]
[SourceQuality "1"]

1. e4 c6 2. Nc3 d5 3. Nf3 Bg4 4. h3 Bxf3 5. Qxf3 Nf6 6. d3 e6 7. Bd2 Bb4 8. a3 Bxc3 9. Bxc3 d4 10. Bd2 e5 11. g4 c5 12. Qg3 Nc6 13. g5 Nd7 14. h4 Qe7 15. Bh3 0-0-0 16. f4 Kb8 17. 0-0-0 f6 18. Kb1 Ka8 19. Rhg1 Rhg8 20. gxf6 gxf6 21. Qxg8 Rxg8 22. Rxg8+ Ndb8 23. Rdg1 exf4 24. Bxf4 a6 25. Bf5 h5 26. R1g7 Qxg7 27. Rxg7 Ka7 28. Bc8 Nd8 29. Bc7 Nbc6 30. Bxd8 Nxd8 31. Rd7 1-0

[Event "Chess.com Bullet op2"]
[Site "Chess.com INT"]
[Date "2020.12.19"]
[Round "10"]
[White "Nemurov, Aleksandr"]
[Black "Baskin, Robert"]
[Result "1-0"]
[WhiteElo "2251"]
[BlackElo "2390"]
[PlyCount "107"]
[EventDate "2020.12.19"]
[EventType "swiss (blitz)"]
[EventRounds "21"]
[EventCountry "USA"]
[SourceTitle "EXT 2022"]
[Source "ChessBase"]
[SourceDate "2021.10.06"]
[SourceVersion "1"]
[SourceVersionDate "2021.10.06"]
[SourceQuality "1"]

1. b3 e5 2. Bb2 Nc6 3. e3 Nf6 4. Bb5 Bd6 5. Na3 Na5 6. Be2 a6 7. Nc4 Nxc4 8. Bxc4 0-0 9. Nf3 b5 10. Be2 Qe7 11. c4 bxc4 12. Bxc4 Bb7 13. 0-0 e4 14. Nd4 Be5 15. Nf5 Qe8 16. Bxe5 Qxe5 17. Ng3 d5 18. Be2 c5 19. d4 exd3 20. Qxd3 Rad8 21. Rac1 Qd6 22. Qc3 Rc8 23. Rfd1 Rfe8 24. Bf3 g6 25. h3 d4 26. Bxb7 Qxg3 27. fxg3 dxc3 28. Bxc8 Rxc8 29. Rxc3 Kg7 30. Rdc1 Ne4 31. Rc4 f5 32. b4 Nxg3 33. Rxc5 Rd8 34. Rc7+ Kh6 35. R7c2 Kg5 36. a4 Rb8 37. Rb1 h5 38. b5 a5 39. b6 Ne4 40. b7 Nd6 41. Rc7 Kf6 42. Kh2 Ke6 43. Rb6 g5 44. Rcc6 Ke5 45. Rxd6 Ke4 46. Rdc6 g4 47. hxg4 hxg4 48. Kg3 Rh8 49. b8Q f4+ 50. exf4 Rxb8 51. Rxb8 Kd3 52. Re6 Kd4 53. Rb5 Kc4 54. Rxa5 1-0

[Event "Chess.com Bullet op1"]
[Site "Chess.com INT"]
[Date "2020.12.19"]
[Round "10"]
[White "Nemurov, Aleksandr"]
[Black "Denishev, Marat"]
[Result "0-1"]
[WhiteElo "2251"]
[BlackElo "2159"]
[PlyCount "112"]
[EventDate "2020.12.19"]
[EventType "swiss (blitz)"]
[EventRounds "21"]
[EventCountry "USA"]
[SourceTitle "EXT 2022"]
[Source "ChessBase"]
[SourceDate "2021.10.06"]
[SourceVersion "1"]
[SourceVersionDate "2021.10.06"]
[SourceQuality "1"]

1. b3 Nf6 2. Bb2 g6 3. Bxf6 exf6 4. c4 d5 5. cxd5 Qxd5 6. Nc3 Qd7 7. g3 Bg7 8. Bg2 0-0 9. e3 c6 10. Nge2 f5 11. 0-0 Qc7 12. d4 Nd7 13. Rc1 Nf6 14. Qc2 Qe7 15. Rfd1 Be6 16. Nf4 Rfd8 17. Nxe6 Qxe6 18. Na4 h5 19. Nc5 Qe7 20. Nxb7 Qxb7 21. Bxc6 Qe7 22. Bxa8 Rxa8 23. Qc7 Qa3 24. Rc2 Ne4 25. Rdc1 Rf8 26. h4 Bh6 27. Qb7 Nxg3 28. Kg2 Ne4 29. Rc8 Qb2 30. R1c2 Qb1 31. Rc1 Qd3 32. Rxf8+ Bxf8 33. Qc6 Qe2 34. Qc2 Qg4+ 35. Kf1 Qxh4 36. b4 Bxb4 37. d5 Bd6 38. Rb1 Qh3+ 39. Ke2 Qg4+ 40. Kd3 Nxf2+ 41. Kc3 Be5+ 42. Kd2 Ne4+ 43. Kd3 Nd6 44. Rb8+ Kg7 45. Rb4 Qxb4 46. Ke2 Qe4 47. Qd2 h4 48. Qd3 Qg2+ 49. Kd1 h3 50. Qe2 Qxe2+ 51. Kxe2 h2 52. Kd3 h1Q 53. e4 Qxe4+ 54. Kd2 Bf4+ 55. Kd1 Qg2 56. a4 Qd2# 0-1

[Event "Chess.com Bullet op2"]
[Site "Chess.com INT"]
[Date "2020.12.19"]
[Round "15"]
[White "Nemurov, Aleksandr"]
[Black "Kang, Dorian"]
[Result "0-1"]
[WhiteElo "2251"]
[BlackElo "2019"]
[PlyCount "98"]
[EventDate "2020.12.19"]
[EventType "swiss (blitz)"]
[EventRounds "21"]
[EventCountry "USA"]
[SourceTitle "EXT 2022"]
[Source "ChessBase"]
[SourceDate "2021.10.06"]
[SourceVersion "1"]
[SourceVersionDate "2021.10.06"]
[SourceQuality "1"]

1. b3 d5 2. Bb2 Nf6 3. Nf3 Nc6 4. e3 e6 5. d4 Bd6 6. Bd3 0-0 7. Nbd2 Ne4 8. 0-0 f5 9. a3 Ne7 10. c4 c6 11. Ne5 Bxe5 12. dxe5 Ng6 13. Qc2 Nxd2 14. Qxd2 Qg5 15. f4 Qg4 16. cxd5 cxd5 17. Rac1 Nh4 18. Rc7 Rf7 19. Rxf7 Kxf7 20. h3 Qg6 21. Qf2 Qh5 22. Rc1 Bd7 23. Rc7 Ke7 24. Bd4 Qd1+ 25. Bf1 Ng6 26. Kh2 Qxb3 27. Qd2 Rc8 28. Qa5 b6 29. Qxa7 Rxc7 30. Qxc7 Qxa3 31. Bxb6 Qa4 32. Bc5+ Kf7 33. Be2 Qc6 34. Qd8 Qxc5 35. Qxd7+ Qe7 36. Qb5 Nf8 37. Bh5+ g6 38. Bf3 Nd7 39. Qe2 Qe8 40. Qf2 Qc8 41. g4 Qc3 42. gxf5 exf5 43. Qg2 Nb6 44. h4 Qxe3 45. Qg3 Qd2+ 46. Bg2 Ke6 47. h5 g5 48. Qxg5 Qxg2+ 49. Qxg2 d4 0-1

[Event "Chess.com Bullet op1"]
[Site "Chess.com INT"]
[Date "2020.12.19"]
[Round "8"]
[White "Supi, Luis Paulo"]
[Black "Nemurov, Aleksandr"]
[Result "1-0"]
[WhiteElo "2572"]
[BlackElo "2251"]
[PlyCount "97"]
[EventDate "2020.12.19"]
[EventType "swiss (blitz)"]
[EventRounds "21"]
[EventCountry "USA"]
[SourceTitle "EXT 2022"]
[Source "ChessBase"]
[SourceDate "2021.10.06"]
[SourceVersion "1"]
[SourceVersionDate "2021.10.06"]
[SourceQuality "1"]

1. Nf3 Nf6 2. g3 d5 3. Bg2 c6 4. 0-0 Bg4 5. d3 Bxf3 6. Bxf3 e5 7. e4 dxe4 8. dxe4 Qxd1 9. Rxd1 Nbd7 10. Nd2 Nb6 11. a4 a5 12. Kf1 Rd8 13. Ke2 Bc5 14. c3 Ke7 15. h4 Rd7 16. Rf1 Rhd8 17. Nb3 Bd6 18. Nxa5 h6 19. Nb3 Nc4 20. Nd2 Nxd2 21. Bxd2 Bc5 22. Rad1 Bb6 23. b4 Ke8 24. Bg2 Rd6 25. a5 Ba7 26. f4 Re6 27. Bc1 Rxd1 28. Rxd1 exf4 29. Bxf4 Nxe4 30. Bxe4 Rxe4+ 31. Kd3 Re6 32. Kc4 Be3 33. Bxe3 Rxe3 34. Rd3 Rxd3 35. Kxd3 Kd7 36. Kd4 Kd6 37. h5 g6 38. g4 gxh5 39. gxh5 f5 40. c4 Ke6 41. b5 cxb5 42. cxb5 Kd6 43. a6 bxa6 44. bxa6 Kc7 45. Ke5 f4 46. Kxf4 Kb6 47. Kf5 Kxa6 48. Kg6 Kb6 49. Kxh6 1-0

[Event "Chess.com Bullet op1"]
[Site "Chess.com INT"]
[Date "2020.12.19"]
[Round "1"]
[White "Yanchenko, Roman"]
[Black "Nemurov, Aleksandr"]
[Result "1-0"]
[WhiteElo "2467"]
[BlackElo "2251"]
[PlyCount "111"]
[EventDate "2020.12.19"]
[EventType "swiss (blitz)"]
[EventRounds "21"]
[EventCountry "USA"]
[SourceTitle "EXT 2022"]
[Source "ChessBase"]
[SourceDate "2021.10.06"]
[SourceVersion "1"]
[SourceVersionDate "2021.10.06"]
[SourceQuality "1"]

1. d4 Nf6 2. Nf3 e6 3. e3 d5 4. Be2 c6 5. 0-0 Nbd7 6. c4 Bd6 7. Nc3 0-0 8. b3 Re8 9. Bb2 Qe7 10. cxd5 exd5 11. h3 Ne4 12. Nxe4 dxe4 13. Nd2 Nf6 14. Nc4 Bc7 15. Ne5 Be6 16. Bc4 Rad8 17. Bxe6 Qxe6 18. Qe2 Nd7 19. Nxd7 Rxd7 20. Qg4 f5 21. Qh5 Rf8 22. g3 g6 23. Qh6 Bd8 24. d5 Qf7 25. dxc6 bxc6 26. Rad1 Rd5 27. Rxd5 cxd5 28. Rc1 Bf6 29. Bxf6 Qxf6 30. Rc7 Rf7 31. Rc8+ Rf8 32. Rxf8+ Qxf8 33. Qxf8+ Kxf8 34. Kf1 Ke7 35. Ke2 Kd6 36. Kd2 Kc5 37. Kc3 a5 38. a3 g5 39. h4 f4 40. hxg5 d4+ 41. exd4+ Kd5 42. gxf4 a4 43. bxa4 e3 44. fxe3 Ke4 45. a5 Kf5 46. a6 h5 47. a7 h4 48. a8Q Kg4 49. Qg2+ Kf5 50. Kd3 h3 51. Qxh3+ Kg6 52. Ke4 Kg7 53. Qe6 Kh7 54. Kf5 Kg7 55. Qe7+ Kh8 56. Kg6 1-0